[Event "GER-chT U20"]
[Site "Kelbra"]
[Date "2006.12.27"]
[Round "1.5"]
[White "Luncescu, Christian"]
[Black "Junker, Timo"]
[Result "1-0"]
[WhiteElo "1999"]
[BlackElo "1729"]
[PlyCount "85"]
[EventDate "2006.12.27"]
[EventType "team-swiss"]
[EventRounds "7"]
[EventCountry "GER"]
[SourceTitle "EXT 2008"]
[Source "ChessBase"]
[SourceDate "2007.11.25"]
[SourceVersion "1"]
[SourceVersionDate "2007.11.25"]
[SourceQuality "1"]
[WhiteTeam "Bochum SG 31 U20"]
[BlackTeam "Muelheim Nord U20"]
[WhiteTeamCountry "GER"]
[BlackTeamCountry "GER"]

1. e4 e5 2. Bc4 Nf6 3. d3 d5 4. exd5 Nxd5 5. Bd2 Bc5 6. Nc3 c6 7. Qf3 Be6 8. Qg3 Qf6 9. Ne4 Qe7 10. Qxg7 Rf8 11. Bh6 Nd7 12. Qxh7 N7f6 13. Bxf8 Nxh7 14. Bxe7 Bxe7 15. Nf3 f5 16. Nc3 Bd6 17. Nxd5 cxd5 18. Bb3 Kd7 19. 0-0-0 a5 20. a4 Re8 21. h4 Rg8 22. g3 Nf6 23. Ng5 Ng4 24. Nxe6 Kxe6 25. Rdf1 Bc5 26. f3 Nf6 27. Rh3 Nh5 28. c4 Nxg3 29. Re1 f4 30. cxd5+ Kf6 31. Kb1 b6 32. h5 Rh8 33. h6 Nf5 34. h7 Ng3 35. d6 Bxd6 36. Rh6+ Ke7 37. d4 Nf5 38. Re6+ Kd7 39. dxe5 Bb4 40. Rd1+ Kc7 41. Rc1+ Kd7 42. Rxb6 Nd4 43. Rb7+ 1-0